Hudjan kepagian : (Record no. 86565)

MARC details
000 -LEADER
fixed length control field 00721cam a22002291 4500
001 - CONTROL NUMBER
control field sa 68015623
003 - CONTROL NUMBER IDENTIFIER
control field DLC
005 - DATE AND TIME OF LATEST TRANSACTION
control field 20260227112645.0
008 - FIXED-LENGTH DATA ELEMENTS--GENERAL INFORMATION
fixed length control field 890504s1966 io a 000 0 ind
010 ## - LIBRARY OF CONGRESS CONTROL NUMBER
LC control number sa 68015623
025 ## - OVERSEAS ACQUISITION NUMBER
Overseas acquisition number PL480:Indo-4859
035 ## - SYSTEM CONTROL NUMBER
System control number (OCoLC)19656692
040 ## - CATALOGING SOURCE
Original cataloging agency DLC
Transcribing agency CU
Modifying agency WU
-- DLC
042 ## - AUTHENTICATION CODE
Authentication code premarc
050 00 - LIBRARY OF CONGRESS CALL NUMBER
Classification number PL5089.N67
Item number H8 1966
100 1# - MAIN ENTRY--PERSONAL NAME
Personal name Notosusanto, Nugroho.
245 10 - TITLE STATEMENT
Title Hudjan kepagian :
Remainder of title kumpulan tjerita pendek /
Statement of responsibility, etc. Dihiasi 4 gambar oleh Puranto Yapung.
250 ## - EDITION STATEMENT
Edition statement Tjet. 3.
260 ## - PUBLICATION, DISTRIBUTION, ETC.
Place of publication, distribution, etc. Djakarta :
Name of publisher, distributor, etc. Balai Pustaka,
Date of publication, distribution, etc. 1966.
300 ## - PHYSICAL DESCRIPTION
Extent 74 p. :
Other physical details ill. ;
Dimensions 18 cm.
505 0# - FORMATTED CONTENTS NOTE
Formatted contents note Senjum. -- Konjol. -- Pembalasan dendam. -- Perawan digaris depan. -- Baji. -- Exekusi.

No items available.

Powered by Koha